000 00530nam a2200181Ia 4500
008 100920s9999 xx 000 0 und d
082 _b94243
_a891.464 न 01
100 _aगोडबोले अरुण रा.
245 _aअंतर्कळा.
260 _bकौशिक,सातारा.
_c2001
300 _a95
_bसाधी
365 _b95
520 _aनिबंध.
630 _aअंतर्कळा.
650 _aनिबंध.
730 _aअंतर्कळा.
942 _cBOOK
999 _c734686
_d734683